Statistiken für Größte Stadt jeder Region in Japan

Klicken Sie hier um das Quiz zu spielen!

Allgemein

  • Dieses Quiz wurde 27 mal gespielt
  • Das Durchschnittsergebnis liegt bei 6 aus 9

Antwortstatistiken

RegionGrößte Stadt% Korrekt
ChugokuHiroshima
84%
Kinki/KansaiOsaka
84%
HokkaidoSapporo
84%
ChubuNagoya
76%
KyushuFukuoka
72%
KantoTokyo
72%
TohokuSendai
60%
OkinawaNaha
36%
ShikokuMatsuyama
28%

Verteilung der Resultate

Perzentil nach korrekt beantworteten Fragen

Anzahl Personen mit jedem Resultat

Ihre Resultats-Entwicklung

Sie haben dieses Quiz noch nicht gespielt